Statistics for Most-Guessed First Two Letters of Countries

Click here to take the quiz!

General Stats

  • This quiz has been taken 49 times
  • The average score is 17 of 20

Answer Stats

guessedcountry% Correct
88%UNited States & ors
95%
85%BRazil & Brunei
93%
93%CAnada & ors
93%
91%CHina & ors
93%
73%MOrocco & ors
93%
75%FRance
91%
72%POrtugal & Poland
91%
88%RUssia
91%
74%SOmalia & ors
91%
84%AUstralia & Austria
89%
77%INdia & Indonesia
89%
82%MExico
89%
75%NOrth Korea & Norway
89%
75%ARgentina & Armenia
86%
71%SPain
82%
70%IRan & ors
77%
69%MAlaysia & ors
77%
69%SWeden & Switzerland
77%
72%PAkistan & ors
75%
72%ESwatini
25%

Score Distribution

Percentile by Number Answered

Percent of People with Each Score

Your Score History

You have not taken this quiz